Silk Road Countries - Statistics

General Stats
  • This quiz has been taken 174 times
  • The average score is 39 of 48
Answer Stats
Route Country % Correct
Both Routes China
98%
Both Routes India
97%
Land Route Iran
96%
Land Route Iraq
96%
Land Route Turkey
96%
Land Route Kazakhstan
95%
Land Route Pakistan
95%
Land Route Russia
94%
Land Route Kyrgyzstan
93%
Land Route Tajikistan
93%
Land Route Turkmenistan
91%
Land Route Afghanistan
90%
Land Route Armenia
90%
Land Route Azerbaijan
90%
Land Route Syria
90%
Land Route Uzbekistan
90%
Maritime Route Indonesia
89%
Maritime Route Yemen
89%
Land Route Mongolia
87%
Maritime Route Saudi Arabia
87%
Maritime Route Egypt
86%
Land Route Georgia
85%
Maritime Route Oman
85%
Maritime Route Greece
84%
Land Route Lebanon
84%
Maritime Route Japan
83%
Maritime Route Sri Lanka
83%
Maritime Route Italy
82%
Land Route Jordan
82%
Land Route Nepal
82%
Maritime Route Vietnam
82%
Maritime Route Malaysia
81%
Maritime Route South Korea
80%
Maritime Route Cambodia
79%
Maritime Route Thailand
79%
Maritime Route Kuwait
77%
Maritime Route North Korea
77%
Maritime Route Qatar
74%
Maritime Route United Arab Emirates
74%
Maritime Route Somalia
70%
Maritime Route Philippines
66%
Maritime Route Kenya
60%
Maritime Route Sudan
56%
Maritime Route Spain
55%
Maritime Route Brunei
54%
Maritime Route Tanzania
54%
Maritime Route Madagascar
44%
Maritime Route Mozambique
42%
No matching quizzes found
Score Distribution
Percent of People with Each Score
Percentile by Number Answered
Your Score History
You have not taken this quiz